Tvoria v kotolni Technicky dobrým výrobkom chýba dizajn

Bibliographic Details
Main Author: Bančanský, Andrej (Author)
Corporate Author: Technická univerzita v Košiciach. Strojnícka fakulta. Katedra dizajnu (Author)
Format: Article
Language:Slovak
Subjects:

MARC

LEADER 00000nab a2200000 a 4500
001 vtls000921735
003 SK-MaSNL
005 20260303034510.0
008 040720e19980123xo 0 slo
035 |a KE30612 
040 |a KEVKJB  |b slo  |c KEVKJB  |e AACR2 
041 0 |a slo 
044 |a xo  |c SK 
080 |a 378.6  |2 1981 
100 1 |a Bančanský, Andrej  |4 aut  |9 839074 
245 1 0 |a Tvoria v kotolni  |b Technicky dobrým výrobkom chýba dizajn 
610 2 7 |a Technická univerzita v Košiciach.  |b Strojnícka fakulta.  |b Katedra dizajnu  |2 KEVKJB  |9 34911 
611 1 7 |a deň otvorených dverí  |2 KEVKJB  |9 30331 
650 0 7 |a informácie  |2 KEVKJB  |9 1285 
651 7 |a Košice (Slovensko)  |2 KEVKJB  |9 18694 
651 7 |a KE,  |2 KEVKJB  |9 877256 
655 7 |a periodikum  |2 snkbucl  |9 29553 
710 2 |a Technická univerzita v Košiciach.  |b Strojnícka fakulta.  |b Katedra dizajnu  |4 aut  |9 34911 
773 0 8 |t Pravda  |g Roč. 8, č.18, 23.1.1998, s. 3 
852 |a ZVYKNI  |b KIS3GCP 
999 |c 1673821  |d 1675751